THE FIFTH DISCIPLINE FIELD BOOK / (Record no. 615530)
[ view plain ]
| 000 -LEADER | |
|---|---|
| fixed length control field | 00343nam a22001337a 4500 |
| 020 ## - INTERNATIONAL STANDARD BOOK NUMBER | |
| Qualifying information | PB. |
| 040 ## - CATALOGING SOURCE | |
| Transcribing agency | FIZZA ISHAQ |
| 082 ## - DEWEY DECIMAL CLASSIFICATION NUMBER | |
| Classification number | 658.402 |
| Author Mark | PET |
| 100 ## - MAIN ENTRY--PERSONAL NAME | |
| Personal name | SENGE,M.PETER. |
| 9 (RLIN) | 132307 |
| 245 ## - TITLE STATEMENT | |
| Title | THE FIFTH DISCIPLINE FIELD BOOK / |
| Statement of responsibility, etc. | PETER M.SENGE. |
| 260 ## - PUBLICATION, DISTRIBUTION, ETC. | |
| Place of publication, distribution, etc. | NEW YORK ; |
| Name of publisher, distributor, etc. | DOUBLEDAY, |
| Date of publication, distribution, etc. | 1994. |
| 300 ## - PHYSICAL DESCRIPTION | |
| Extent | 593 P. ; |
| Dimensions | 9X7.3IN |
| 942 ## - ADDED ENTRY ELEMENTS (KOHA) | |
| Source of classification or shelving scheme | |
| Koha item type | Book |
| Withdrawn status | Lost status | Source of classification or shelving scheme | Damaged status | Not for loan | Permanent Location | Current Location | Shelving location | Date acquired | Total Checkouts | Full call number | Barcode | Date last seen | Price effective from | Koha item type |
|---|---|---|---|---|---|---|---|---|---|---|---|---|---|---|
| NUST Baluchistan Campus (NBC) | NUST Baluchistan Campus (NBC) | General Stacks | 12/16/2025 | 658.402 PET | QD-883 | 12/16/2025 | 12/16/2025 | Book |
